Movie Posters IX Quiz Stats

 Plays Quiz Updated Jun 22, 2017

Support Sporcle.
Go Orange.
Score 0/24 Timer 06:00
2 Plays Today
% Correct
School of Rock
92%
Breaking Dawn - Pt. 1
87.3%
Anchorman
86.9%
Aladdin
85.8%
King Kong
85%
Catch Me If You Can
83.5%
Ratatouille
79.6%
The Fast and the Furious
79.3%
Ferris Bueller's Day Off
74.4%
Bad Santa
73.9%
Teenage Mutant Ninja Turtles
71.4%
Moneyball
69.7%
% Correct
Child's Play
55.2%
Goldeneye
51.8%
Bill and Ted's Excellent Adventure
49.9%
Taxi Driver
47.5%
The Exorcist
44.6%
Purple Rain
44.4%
Clerks
43.4%
Patton
40.3%
Dirty Harry
37.6%
The Natural
32.8%
High Fidelity
23.8%
Crimson Tide
22.4%

You're not logged in!

Compare scores with friends on all Sporcle quizzes.
OR
Log In
Forgot?

From the Vault

Click a CBS Show (1980s)

by qlh27

Little known fact, the 'C' in CBS stands for 'clicking'.
Remove Ads.
Support Sporcle.
Get the best of Sporcle when you Go Orange. This ad-free experience offers more features, more stats, and more fun while also helping to support Sporcle. Thank you for becoming a member.

Show Comments

Extras

Top Quizzes Today


Score Distribution

Your Account Isn't Verified!

In order to create a playlist on Sporcle, you need to verify the email address you used during registration. Go to your Sporcle Settings to finish the process.

Report this User

Report this user for behavior that violates our Community Guidelines.

Details: